A new method for determining normal modes of irregular bodies of water with variable depth /

Bibliographic Details
Main Author: Loomis, Harold G. (Harold George), 1925-
Format: Book
Language:English
Published: Honolulu : Hawaii Institute of Geophysics, University of Hawaii, [1973]
Series:HIG (Series) ; no. 73-10.
NOAA-JTRE (Series) ; 86.
Subjects:

MARC

Tag First Indicator Second Indicator Subfields
LEADER 00000cam a2200000 a 4500
001 in00001037745
005 20150928154534.0
008 750319d19730600xx tb 00010 eng u
035 |a (OCoLC)01223651 
035 |9 AFJ3020AM 
040 |c NAM  |d OCL  |d m/c  |d TXA  |d UtOrBLW 
049 1 |a TXA2 
090 |a QE500  |b .H35 no.73-10 
100 1 |a Loomis, Harold G.  |q (Harold George),  |d 1925- 
245 1 2 |a A new method for determining normal modes of irregular bodies of water with variable depth /  |c by Harold G. Loomis. 
264 1 |a Honolulu :  |b Hawaii Institute of Geophysics, University of Hawaii,  |c [1973] 
300 |a 32 unnumbered leaves :  |b diagrams, tables ;  |c 28 cm. 
336 |a text  |b txt  |2 rdacontent 
337 |a unmediated  |b n  |2 rdamedia 
338 |a volume  |b nc  |2 rdacarrier 
490 1 |a HIG (series) ;  |v no. 73-10 
490 1 |a NOAA-JTRE (Series) ;  |v 86 
500 |a Hawaii Institute of Geophysics and Joint Tsunami Research Effort. NOAA-JTRE-86. 
504 |a Bibliography: page 27. 
536 |a Partial support contributed by National Science Foundation, IDOE.  |c NSF-AG-253. 
500 |a "June 1973." 
650 0 |a Ocean waves. 
650 0 |a Wave equation. 
650 0 |a Electronic data processing  |x Oceanography. 
650 0 |a Eigenvalues. 
650 0 |a Water  |x Depth. 
830 0 |a HIG (Series) ;  |v no. 73-10. 
830 0 |a NOAA-JTRE (Series) ;  |v 86. 
999 |a MARS 
999 f f |s d5f8c65d-6e97-3c59-bc5b-529fa44aa3cc  |i fa9764b8-fe80-3592-9cd8-61b54535e175  |t 0 
952 f f |p ric  |a Texas A&M University  |b Rellis Campus  |c Joint Library Facility  |s JLF  |d Remote Storage  |t 0  |e QE500 .H35 no.73-10  |h Library of Congress classification  |i unmediated -- volume  |m A14810918650 
998 f f |a QE500 .H35 no.73-10  |t 0  |l Remote Storage